Banquete: nodos y redes

Saved in:
Bibliografiske detaljer
Format: Bog
Sprog:spansk
Udgivet: s.l SEACEX 2009
Udgivelse:1a. ed
Fag:
Tags: Tilføj Tag
Ingen Tags, Vær først til at tagge denne postø!

MARC

LEADER 00000cam a2200000 a 4500
001 UCC5965
003 CL-VaPUC
008 181109e20090000sp |||||||||||||||||spa|d
020 |a 9788496933316 
082 0 4 |a 701.81  |b BAN  |2 21 
245 1 0 |a Banquete: nodos y redes 
250 |a 1a. ed 
300 |a 363 p 
942 |c BK 
945 |d 20181109 15:19:00  |a dcastane 
260 |a s.l  |b SEACEX  |c 2009 
650 0 |a Arte digital  |9 568445 
650 0 |a Arte interactivo  |9 545580 
650 0 |a Arte contemporáneo  |9 338008 
650 0 |a Arte   |y Siglo 21  |9 484553 
583 |a last modification  |c 20181109 15:19:00  |k Rodrigo Vera 
999 |c 373068  |d 373066 
952 |0 0  |1 0  |3 erd  |4 0  |6 701_810000000000000_BAN_2009  |7 0  |8 A  |9 490991  |a BIBCUR  |b BIBCUR  |i 5512719  |o 701.81 BAN 2009  |p 5512719  |r 2025-04-22  |w 2019-11-24  |y BK  |z Catalogado en:20181109  |k PER